Aspects of culture & society: (Record no. 681)
[ view plain ]
| 000 -LEADER | |
|---|---|
| fixed length control field | 005090000a22001570004500 |
| 005 - DATE AND TIME OF LATEST TRANSACTION | |
| control field | 20231116153344.0 |
| 008 - FIXED-LENGTH DATA ELEMENTS--GENERAL INFORMATION | |
| fixed length control field | 230817t1997 ||||| |||| 00| 0 eng d |
| 082 ## - DEWEY DECIMAL CLASSIFICATION NUMBER | |
| Classification number | 305.48 |
| Item number | ASP |
| 942 ## - ADDED ENTRY ELEMENTS (KOHA) | |
| Item Type | Reports |
| 245 ## - TITLE STATEMENT | |
| Title | Aspects of culture & society: |
| Sub Title | Muslim women in India: WRAG report |
| 260 ## - PUBLICATION, DISTRIBUTION, ETC. (IMPRINT) | |
| Place of Publication | Mumbai: |
| Name of Publisher | Women's Research & Action Group, |
| Date of Copyright | 1997 |
| 300 ## - PHYSICAL DESCRIPTION | |
| Extent | 244 p. ; 22 cm. |
| Physical Details | Glossary included |
| 650 ## - SUBJECT ADDED ENTRY--TOPICAL TERM | |
| Topical Term | MUSLIM WOMEN-India |
| 650 ## - SUBJECT ADDED ENTRY--TOPICAL TERM | |
| Topical Term | Women's rights--India. . |
| 650 ## - SUBJECT ADDED ENTRY--TOPICAL TERM | |
| Topical Term | Muslim women--India--Social conditions |
| Withdrawn status | Lost status | Damaged status | Not for loan | Permanent location | Current location | Date acquired | Total Checkouts | Full call number | Barcode | Date last seen | Price effective from | Koha item type | Source of classification or shelving scheme |
|---|---|---|---|---|---|---|---|---|---|---|---|---|---|
| Resource center, Muslim Women's Research And Action Forum | Resource center, Muslim Women's Research And Action Forum | 2023-08-17 | 305.48 ASP | RAF724 | 2023-08-17 | 2023-08-17 | Reports | ||||||
| Resource center, Muslim Women's Research And Action Forum | Resource center, Muslim Women's Research And Action Forum | 2023-09-21 | 305.48 ASP | RAF725 | 2023-09-21 | 2023-09-21 | Reports | ||||||
| Resource center, Muslim Women's Research And Action Forum | Resource center, Muslim Women's Research And Action Forum | 2023-11-15 | 305.48 ASP | RAF3030 | 2023-11-15 | 2023-11-15 | Reports | Dewey Decimal Classification |

